000 01213nam a2200337 i 4500
999 _c50886
_d50886
001 50886
003 ES-MaCES
005 20180817111654.0
008 180817s2018 sp s o000 | spa d
017 _aM 17228-2018
_bDL
020 _a9788436958812
024 7 _a030-15-104-5
_2nipo
024 7 _a030-15-103-X
_2nipo
040 _aES-MaCES
_bspa
_cES-MaCES
245 0 4 _aLas cifras de la educación en España
_b: estadísticas e indicadores : edición 2018
260 _a[Madrid]
_bSubdirección General de Documentación y Publicaciones, Ministerio de Educación, Cultura y Deporte
_c2018
300 _aXXXVI, 458 p.
_bgráf., mapas col.
_c30 cm
541 _cGratuito
650 4 _apresupuesto de la educación
_927398
650 4 _agasto público
_928076
650 4 _asistema educativo
_927375
650 4 _adatos estadísticos
_930765
650 4 _aEspaña
_926964
650 4 _a2018
_939065
650 4 _930765
_adatos estadísticos
653 1 0 _aEstadísticas económico-sociales
710 1 _aEspaña
_bMinisterio de Educación, Cultura y Deporte
_eed.
_93239
787 0 _tLas cifras de la educación en España 2017
_w(ES-MaCES)50051
902 _aLIB Libro
942 _2CES
_cBK
_h8.2.